LEADER 00981nam a2200217 i 4500 001 000000048007 003 CaOOAMICUS 005 20120416000000.0 008 120416s1927 it u000 u ita u 013 $a19177 040 $aSeMil$bita 100 1 $aBellarmino, Roberto,$c.$0(OLS)http://semarc/name/1158 245 10$aDell'arte di ben morire /$cbeato Roberto card. Bellarmino ; tradotta dal testo latino da monsignor Benedetto Neri con una introduzione. 260 $aFirenze :$bLibreria Editrice Fiorentina,$c1927. 300 $aXXIII, 246 p. ;$c20 cm. 650 4$aMorte.$0(OLS)http://semarc/subject/6140 700 1 $aNeri, Benedetto,$c.$0(OLS)http://semarc/name/14819 850 $aSeMil 852 $aSeMil$W1$xVenegono$y1$m2D II 74$j14162$B14162$CSeMilBibl$Z2$F14162 $81 996 $6245$aDell'arte di ben morire$9(OLS)http://semarc/title/72517 996 $6260$aFirenze :$bLibreria Editrice Fiorentina$9(OLS)http://semarc/publisher/30629 LEADER 01207nam a2200265 i 4500 001 000000112267 003 CaOOAMICUS 005 20030212000000.0 008 030212s1989 gw u000 u ger u 013 $a84951 020 $a3-429-01216-3 040 $aSeMil$bita 100 1 $aGillen, Erny.$0(OLS)http://semarc/name/47033 245 10$aWie Christen ethisch handeln und denken :$bzur Debatte um die Autonomie der Sittlichkeit im Kontext katholischer Theologie /$cErny Gillen. 260 $aWürzburg :$bEchter,$ccopyr. 1989. 300 $a215 p. ;$c24 cm. 500 $aContiene : Literaturverzeichnis. - Fondo Card. C.M. Martini. 650 4$aMorale cristiana - Chiesa cattolica.$0(OLS)http://semarc/subject/1419 850 $aSeMil 852 $aSeMil$W1$xVenegono$y1$m2E III 16$j68036$B68036$CSeMilBibl$Z2$F89939 $81 941 1 $a4 961 $aOmaggio: Martini Card. Carlo Maria 996 $6020$a3-429-01216-3$9(OLS)http://semarc/number/94777 996 $6245$aWie Christen ethisch handeln und denken :$bzur Debatte um die Autonomie der Sittlichkeit im Kontext katholischer Theologie$9(OLS)http://semarc/title/163637 996 $6260$aWürzburg :$bEchter$9(OLS)http://semarc/publisher/29704